Cargando…

Black Female Playwrights : An Anthology of Plays before 1950 /

Detalles Bibliográficos
Clasificación:Libro Electrónico
Otros Autores: Perkins, Kathy A., 1954-
Formato: Electrónico eBook
Idioma:Inglés
Publicado: Bloomington : Indiana University Press, 1989.
Colección:Book collections on Project MUSE.
Temas:
Acceso en línea:Texto completo

MARC

LEADER 00000cam a22000004a 4500
001 musev2_3969
003 MdBmJHUP
005 20230905040505.0
006 m o d
007 cr||||||||nn|n
008 881003s1989 inu o 00 0 eng d
010 |z  88046040  
020 |a 9780253113665 
020 |z 0253113660 
020 |z 9780253206237 
035 |a (OCoLC)297682334 
040 |a MdBmJHUP  |c MdBmJHUP 
043 |a n-us--- 
050 0 4 |a PS628.N4  |b B54 1989 
082 0 |a 812/.008/09287  |2 19 
245 0 0 |a Black Female Playwrights :   |b An Anthology of Plays before 1950 /   |c Kathy A. Perkins, [editor]. 
264 1 |a Bloomington :  |b Indiana University Press,  |c 1989. 
264 3 |a Baltimore, Md. :  |b Project MUSE,   |c 2012 
264 4 |c ©1989. 
300 |a 1 online resource (300 pages):   |b ill. ; 
336 |a text  |b txt  |2 rdacontent 
337 |a computer  |b c  |2 rdamedia 
338 |a online resource  |b cr  |2 rdacarrier 
500 |a "Plays and pageants by Black women before 1950": p. [281]-285. 
504 |a Bibliography: p. [287]-288. 
588 |a Description based on print version record. 
650 0 |a African Americans  |v Drama. 
650 0 |a American drama  |x Women authors. 
650 0 |a Women and literature  |z United States. 
650 0 |a African American women  |v Drama. 
650 0 |a American drama  |x African American authors. 
655 7 |a Electronic books.   |2 local 
700 1 |a Perkins, Kathy A.,  |d 1954- 
710 2 |a Project Muse.  |e distributor 
830 0 |a Book collections on Project MUSE. 
856 4 0 |z Texto completo  |u https://projectmuse.uam.elogim.com/book/3969/ 
945 |a Project MUSE - Custom Collection 
945 |a Project MUSE - Archive Complete Foundation 
945 |a Project MUSE - Archive Literature Foundation